[Event "Faxe EMT 2000"]
[Site "Faxe"]
[Date "2000.04.05"]
[Round "4"]
[White "Borg, John"]
[Black "Wehlast, Svend Erik"]
[Result "0-1"]
[WhiteElo "1408"]
[BlackElo "1402"]
[PlyCount "112"]
[EventDate "2000.??.??"]

1. d4 d5 2. Nf3 h6 3. Bf4 e6 4. e3 a6 5. a3 Bd6 6. Bxd6 cxd6 7. Bd3 Nc6 8. Nbd2
b5 9. b4 Bd7 10. h3 f5 11. Nh2 Nf6 12. O-O O-O 13. f4 Ne7 14. Rf3 Be8 15. Rg3
Nh5 16. Rf3 Nf6 17. Be2 Bh5 18. Rf2 Bxe2 19. Qxe2 Ne4 20. Nxe4 dxe4 21. c4 bxc4
22. Qxc4 d5 23. Qe2 Qb6 24. Nf1 Rac8 25. Nd2 Rc3 26. Nf1 Rfc8 27. Ra2 Qc6 28.
a4 Rb3 29. Qe1 Qc3 30. Qe2 Qd3 31. Qe1 Rb1 32. Qd2 Qxd2 33. Raxd2 Rxb4 34. Ra2
a5 35. Kh2 Rbc4 36. Nd2 Rc3 37. Re2 Nc6 38. Nb1 Rc1 39. Nd2 Nb4 40. Ra3 R1c2
41. Ra1 Rb2 42. Rb1 Ra2 43. Kg1 Rcc2 44. Rd1 Rxa4 45. Kf1 Raa2 46. g4 Nd3 47.
Kg2 a4 48. Kg3 g6 49. Kh4 Kg7 50. Kg3 a3 51. h4 Rab2 52. h5 a2 53. gxf5 exf5
54. hxg6 Rc1 55. Rxc1 Nxc1 56. Rh2 a1=Q 0-1

[Event "Faxe EMT 2000"]
[Site "Faxe"]
[Date "2000.04.05"]
[Round "4"]
[White "Toftvang, Ove"]
[Black "Nielsen, Poul Erik2"]
[Result "0-1"]
[WhiteElo "1301"]
[BlackElo "1338"]
[PlyCount "112"]
[EventDate "2000.??.??"]

1. e4 c5 2. d4 cxd4 3. Qxd4 Nc6 4. Qd1 g6 5. Bb5 Bg7 6. Bxc6 bxc6 7. Nf3 Ba6 8.
c3 Nf6 9. Qc2 O-O 10. c4 d5 11. e5 Ne4 12. O-O Bxc4 13. Re1 Qc8 14. b3 Ba6 15.
Nbd2 Nxd2 16. Qxd2 Bb7 17. Ba3 Re8 18. Bc5 a5 19. a4 Rb8 20. Qxa5 Ba6 21. Qc3
f6 22. exf6 Bxf6 23. Bd4 Qd7 24. Rab1 Qf5 25. Bxf6 Qxf6 26. Ne5 Rbc8 27. Qa5 c5
28. Nd7 Qc6 29. Ne5 Qb7 30. Qd2 d4 31. b4 Qd5 32. b5 Bb7 33. f3 c4 34. Rbc1 c3
35. Qc2 Kh8 36. Nd3 e5 37. Re4 Qd6 38. Re2 Qb6 39. Rce1 e4 40. fxe4 Rc7 41. Kh1
Rce7 42. e5 Bd5 43. Nb4 Bc4 44. Re4 Rd7 45. Rf4 Bg8 46. Rf6 Qxf6 47. Nd3 Qf5
48. b6 Bc4 49. Qf2 Bxd3 50. Qg3 Be4 51. a5 Rxe5 52. Ra1 Rxa5 53. Qb8+ Kg7 54.
Rg1 Bxg2+ 55. Rxg2 Ra1+ 56. Rg1 Qe4# 0-1

[Event "Faxe EMT 2000"]
[Site "Faxe"]
[Date "2000.04.05"]
[Round "4"]
[White "Pedersen, Bjarne G W"]
[Black "Eriksen, Knud Ejler"]
[Result "1-0"]
[WhiteElo "1068"]
[BlackElo "1200"]
[PlyCount "83"]
[EventDate "2000.??.??"]

1. d4 Nf6 2. Nf3 d5 3. Bf4 e6 4. c4 c5 5. e3 Nc6 6. Nc3 Be7 7. Nb5 Qa5+ 8. Nd2
e5 9. dxe5 Ne4 10. cxd5 a6 11. Nc7+ Qxc7 12. Nxe4 Qa5+ 13. Nc3 Na7 14. Qa4+
Qxa4 15. Nxa4 Bf5 16. d6 Bd8 17. Be2 Ba5+ 18. Nc3 O-O 19. O-O Rfe8 20. Nd5 Rad8
21. Bg5 Rd7 22. Ne7+ Kf8 23. Nxf5 Rxe5 24. Bg4 Rd5 25. Be7+ Kg8 26. Nh6+ gxh6
27. Bxd7 Rd2 28. Be8 Nc6 29. Bxc6 bxc6 30. Rad1 Rxb2 31. d7 c4 32. d8=Q+ Bxd8
33. Rxd8+ Kg7 34. a3 c3 35. Rdd1 Kg6 36. Rd6+ Kf5 37. Bf6 Rb3 38. Rxc6 c2 39.
h3 Rxa3 40. Bb2 Ra2 41. Rxc2 a5 42. Ra1 1-0

[Event "Faxe EMT 2000"]
[Site "Faxe"]
[Date "2000.04.05"]
[Round "4"]
[White "Eckert, Svend"]
[Black "Refsgaard, Kaj"]
[Result "1-0"]
[WhiteElo "1650"]
[BlackElo "1663"]
[PlyCount "77"]
[EventDate "2000.??.??"]

1. e4 c5 2. Nf3 Nc6 3. d4 cxd4 4. Nxd4 g6 5. Be3 Bg7 6. c3 d6 7. Nd2 Nf6 8. Qc2
Ng4 9. Bb5 Nxe3 10. fxe3 Bd7 11. O-O O-O 12. Be2 Rc8 13. N2f3 a6 14. Rad1 Qb6
15. Qd2 Ne5 16. Nxe5 Bxe5 17. Kh1 Bg7 18. Rf2 Qa5 19. a3 Bh6 20. Re1 Qc5 21.
Bd1 Bg5 22. Nf3 Bh6 23. Qd4 Qb5 24. Qd5 Rc5 25. Qb3 Qc6 26. Qc2 Bg4 27. Nd4 Qd7
28. Bxg4 Qxg4 29. Rf3 Rh5 30. h3 Qh4 31. Ref1 e6 32. Ne2 Re5 33. Nf4 g5 34. g3
gxf4 35. gxh4 fxe3 36. Qg2+ Kh8 37. Rxf7 Rg8 38. Qf3 e2 39. Re1 1-0

[Event "Faxe EMT 2000"]
[Site "Faxe"]
[Date "2000.04.05"]
[Round "4"]
[White "Jensen, Niels"]
[Black "Manly, Arne"]
[Result "1/2-1/2"]
[WhiteElo "1257"]
[BlackElo "1500"]
[PlyCount "96"]
[EventDate "2000.??.??"]

1. e4 c5 2. Bc4 d6 3. Nc3 Nf6 4. d3 e6 5. Qe2 Nc6 6. Nf3 a6 7. a3 b5 8. Ba2 Be7
9. h3 O-O 10. O-O Nd7 11. Bd2 Bf6 12. Rab1 Re8 13. Qd1 Nde5 14. Nh2 Bb7 15. Ne2
d5 16. Ng3 c4 17. Bf4 Ng6 18. Bd2 Nce5 19. d4 Nc6 20. e5 Bg5 21. Ne2 Bxd2 22.
Qxd2 f6 23. exf6 Qxf6 24. c3 e5 25. Ng4 Qd6 26. dxe5 Ncxe5 27. Nxe5 Nxe5 28.
Nd4 Qg6 29. f4 Nd3 30. Rf3 Re4 31. Rbf1 Rae8 32. Bb1 R4e7 33. f5 Qd6 34. Bxd3
cxd3 35. Qxd3 Re1 36. Rxe1 Rxe1+ 37. Rf1 Qe5 38. Rxe1 Qxe1+ 39. Qf1 Qe3+ 40.
Kh1 Qe5 41. Qe2 Qe4 42. Qxe4 dxe4 43. Kg1 Kf7 44. g3 Kf6 45. Kf2 Bc8 46. Ke3
Bxf5 47. Nxf5 Kxf5 48. b3 Ke5 1/2-1/2

[Event "Faxe EMT 2000"]
[Site "Faxe"]
[Date "2000.04.05"]
[Round "4"]
[White "Hansen, Ove Bonnelykke"]
[Black "Karstensen, Preben"]
[Result "1-0"]
[WhiteElo "1586"]
[BlackElo "1707"]
[PlyCount "77"]
[EventDate "2000.??.??"]

1. d4 d5 2. Nf3 Nf6 3. e3 Bg4 4. c4 e6 5. a3 dxc4 6. Bxc4 c6 7. Nc3 Be7 8. O-O
O-O 9. h3 Bxf3 10. Qxf3 Nbd7 11. b4 Nb6 12. Bb3 Nbd5 13. Bb2 Nxc3 14. Bxc3 Nd5
15. Rac1 a6 16. Bd2 Qd7 17. e4 Nc7 18. Be3 Nb5 19. d5 exd5 20. exd5 Rac8 21. a4
Nd6 22. dxc6 bxc6 23. Bc5 Qf5 24. Qxf5 Nxf5 25. Rfe1 Bxc5 26. Rxc5 Nd4 27. Bc4
Rb8 28. Re4 Rfd8 29. Rce5 Kf8 30. Re7 Ne6 31. Ra7 Rxb4 32. Rxa6 Rd6 33. a5 Rb2
34. Ra8+ Ke7 35. a6 Kd7 36. a7 Rb1+ 37. Kh2 Ra1 38. Bxe6+ Rxe6 39. Rxe6 1-0

[Event "Faxe EMT 2000"]
[Site "Faxe"]
[Date "2000.04.05"]
[Round "4"]
[White "Hansen, Knud"]
[Black "Christiansen, Niels"]
[Result "1-0"]
[WhiteElo "1763"]
[BlackElo "1265"]
[PlyCount "53"]
[EventDate "2000.??.??"]

1. e4 c6 2. d3 d5 3. exd5 cxd5 4. Nf3 Bf5 5. Be2 Nc6 6. O-O e5 7. a3 Bc5 8. b4
Bd6 9. Nc3 Nf6 10. Bg5 d4 11. Nd5 O-O 12. Nxf6+ gxf6 13. Bh4 b5 14. Nd2 Kh8 15.
Bg4 Bg6 16. Qf3 Be7 17. Qxc6 f5 18. Bxe7 Qxe7 19. Bh3 e4 20. Qc5 Qg5 21. Nxe4
Qd8 22. Bxf5 f6 23. Bxg6 hxg6 24. Qxb5 Kg7 25. Nc5 Qd6 26. Qd7+ Qxd7 27. Nxd7
1-0

[Event "Faxe EMT 2000"]
[Site "Faxe"]
[Date "2000.04.19"]
[Round "5"]
[White "Strandsbjerg, Jens"]
[Black "Hansen, Knud"]
[Result "1-0"]
[WhiteElo "1500"]
[BlackElo "1763"]
[PlyCount "57"]
[EventDate "2000.??.??"]

1. d4 d5 2. c4 e6 3. Nc3 c6 4. Nf3 Bd6 5. e4 dxe4 6. Nxe4 Be7 7. Bf4 Nf6 8. Nc3
h6 9. Bd3 O-O 10. O-O Bd6 11. Ne5 b6 12. Qe2 Bb7 13. Ne4 Be7 14. Rad1 Qe8 15.
Nxf6+ Bxf6 16. Qe4 g6 17. Bxh6 Bg7 18. Bxg7 Kxg7 19. Rfe1 Nd7 20. Nxd7 Qxd7 21.
Qe5+ Kg8 22. Re3 Rae8 23. Rh3 f6 24. Qg3 Re7 25. Bxg6 Rg7 26. Rh6 e5 27. Qh4
Rxg6 28. Rxg6+ Kf7 29. Qxf6+ 1-0

[Event "Faxe EMT 2000"]
[Site "Faxe"]
[Date "2000.04.19"]
[Round "5"]
[White "Manly, Arne"]
[Black "Christiansen, Niels"]
[Result "1-0"]
[WhiteElo "1500"]
[BlackElo "1265"]
[PlyCount "59"]
[EventDate "2000.??.??"]

1. d4 Nf6 2. c4 d6 3. Nf3 Nbd7 4. Bf4 c6 5. Nc3 Qc7 6. e3 e5 7. dxe5 dxe5 8.
Bg3 Bd6 9. a3 O-O 10. Be2 Nc5 11. h3 b6 12. O-O Bb7 13. Qc2 Ne6 14. Rad1 Rad8
15. Rd2 Ne8 16. Rfd1 f5 17. Bh4 g5 18. Nxg5 Nxg5 19. Bxg5 Qg7 20. Bxd8 c5 21.
Nd5 Kh8 22. Kh1 Rg8 23. Rg1 e4 24. Bh4 Qh6 25. Qc3+ Rg7 26. Bf6 Nxf6 27. Nxf6
Be7 28. Nh5 f4 29. Nxg7 Bf6 30. Nh5 1-0

[Event "Faxe EMT 2000"]
[Site "Faxe"]
[Date "2000.04.19"]
[Round "5"]
[White "Jensen, Niels"]
[Black "Andreasen, Per Anthoni"]
[Result "0-1"]
[WhiteElo "1257"]
[BlackElo "1533"]
[PlyCount "116"]
[EventDate "2000.??.??"]

1. e4 e6 2. Bc4 d5 3. exd5 exd5 4. Bb3 Nf6 5. h3 Bd6 6. Nf3 Qe7+ 7. Qe2 Qxe2+
8. Kxe2 O-O 9. Re1 Bd7 10. Kf1 c5 11. c3 Nc6 12. d3 Rae8 13. Bg5 Rxe1+ 14. Kxe1
Re8+ 15. Kf1 Bf5 16. Bxf6 gxf6 17. Bxd5 Bxd3+ 18. Kg1 Ne5 19. Nbd2 Nxf3+ 20.
Nxf3 Re2 21. b3 b6 22. Rd1 Rxa2 23. b4 c4 24. Ne1 Be2 25. Rb1 Be5 26. Rc1 Bf4
27. Rc2 Rxc2 28. Nxc2 Bd2 29. Ne3 Bxc3 30. b5 Bd4 31. Bxc4 Bxc4 32. Nxc4 Kf8
33. Kf1 Ke7 34. Ke2 Ke6 35. f3 Kd5 36. Kd3 Kc5 37. g4 Be5 38. Na3 Kb4 39. Nb1
Kxb5 40. Ke4 a5 41. f4 Bb2 42. f5 a4 43. Kd3 a3 44. Kc2 a2 45. Kxb2 axb1=Q+ 46.
Kxb1 Kc5 47. Kb2 Kd5 48. Kc3 Ke5 49. Kc4 Kf4 50. Kb5 Kg3 51. Kxb6 Kxh3 52. Kc5
Kxg4 53. Kd4 h5 54. Ke3 Kg3 55. Ke2 Kg2 56. Ke3 h4 57. Kf4 h3 58. Kg4 h2 0-1

[Event "Faxe EMT 2000"]
[Site "Faxe"]
[Date "2000.04.19"]
[Round "5"]
[White "Hansen, Ove Bonnelykke"]
[Black "Eckert, Svend"]
[Result "0-1"]
[WhiteElo "1586"]
[BlackElo "1650"]
[PlyCount "74"]
[EventDate "2000.??.??"]

1. d4 Nf6 2. c4 e5 3. e3 exd4 4. exd4 Be7 5. Nf3 O-O 6. Be2 d5 7. O-O c6 8. Nc3
Be6 9. c5 b6 10. b4 a5 11. bxa5 bxc5 12. dxc5 Bxc5 13. Qc2 Qxa5 14. Bd2 Qc7 15.
Ne5 Rc8 16. a4 Bd4 17. Nd3 Ne4 18. Nxe4 dxe4 19. Nf4 Bxa1 20. Rxa1 Qd7 21. Be3
Bd5 22. h3 Na6 23. Qc3 Nc7 24. Nh5 f5 25. Bd4 Bf7 26. Nxg7 Nd5 27. Qg3 Bg6 28.
Qe5 Qe7 29. Ne6 Kf7 30. Nc5 Qxe5 31. Bxe5 Re8 32. Bd4 Ke7 33. a5 Kd6 34. a6
Reb8 35. Nb7+ Kd7 36. Be5 Nc7 37. Nc5+ Ke8 0-1

[Event "Faxe EMT 2000"]
[Site "Faxe"]
[Date "2000.04.19"]
[Round "5"]
[White "Wehlast, Svend Erik"]
[Black "Nielsen, Poul Erik2"]
[Result "1/2-1/2"]
[WhiteElo "1402"]
[BlackElo "1338"]
[PlyCount "67"]
[EventDate "2000.??.??"]

1. e4 c5 2. c4 Nc6 3. Nf3 g6 4. Nc3 Bg7 5. d3 d6 6. h3 Nf6 7. Be2 a6 8. a3 Bd7
9. O-O O-O 10. Nh2 Qc7 11. Rb1 Nd4 12. Bg5 Nxe2+ 13. Nxe2 e5 14. f4 Nh5 15. f5
Nf6 16. Nc3 Bc6 17. Ng4 Nxg4 18. Qxg4 Qc8 19. f6 Qxg4 20. hxg4 Bh8 21. Bh6 Rfe8
22. g5 Rab8 23. a4 b5 24. axb5 axb5 25. b3 b4 26. Nd1 Ra8 27. Ne3 Ra3 28. Kh2
Rea8 29. Kg3 Ra2 30. Kf3 R8a3 31. Rg1 Rd2 32. Rgd1 Rda2 33. Rdc1 Rd2 34. Rd1
1/2-1/2

[Event "Faxe EMT 2000"]
[Site "Faxe"]
[Date "2000.04.19"]
[Round "5"]
[White "Borg, John"]
[Black "Pedersen, Bjarne G W"]
[Result "0-1"]
[WhiteElo "1408"]
[BlackElo "1068"]
[PlyCount "44"]
[EventDate "2000.??.??"]

1. d4 Nf6 2. c4 e6 3. Nc3 d5 4. Bf4 dxc4 5. e3 Bb4 6. Bxc4 Ne4 7. Nge2 O-O 8.
O-O Nd6 9. Rc1 Nxc4 10. Qb3 Nd2 11. Qxb4 Nc6 12. Qb5 Nxf1 13. Kxf1 a6 14. Qd3
e5 15. Bg3 Re8 16. a3 Bg4 17. h3 Bxe2+ 18. Nxe2 exd4 19. Nxd4 Nxd4 20. exd4 c6
21. f3 Qg5 22. Bf2 Qxc1+ 0-1

[Event "Faxe EMT 2000"]
[Site "Faxe"]
[Date "2000.04.19"]
[Round "5"]
[White "Toftvang, Ove"]
[Black "Eriksen, Knud Ejler"]
[Result "0-1"]
[WhiteElo "1301"]
[BlackElo "1200"]
[PlyCount "86"]
[EventDate "2000.??.??"]

1. e4 e5 2. Nf3 Nc6 3. Bc4 Bc5 4. d3 Nf6 5. Bg5 O-O 6. Nc3 Na5 7. Nd5 Nxc4 8.
dxc4 Kh8 9. Nxf6 gxf6 10. Bh4 Rg8 11. g3 d6 12. h3 b6 13. Nd2 a6 14. Qf3 Rg6
15. c3 b5 16. g4 Rh6 17. Bg3 Qg8 18. O-O-O Be6 19. Qd3 Rb8 20. b4 Ba7 21. Kb2
Rb6 22. f4 Rc6 23. cxb5 axb5 24. Qxb5 Rb6 25. Qe2 Qe8 26. f5 Bc8 27. Qc4 Qd7
28. Qb3 Bb7 29. h4 Bc6 30. Qa3 Ba4 31. Nb3 Ra6 32. Ka1 Bb5 33. Qc1 Bc4 34. Qxh6
Qe8 35. Qxf6+ Kg8 36. Nc1 Be3 37. Rh2 d5 38. Qxe5 Qa8 39. f6 Bxc1 40. Rxc1
Rxa2+ 41. Kb1 Bd3+ 42. Rcc2 Ra1+ 43. Kb2 Qa3# 0-1

[Event "Faxe EMT 2000"]
[Site "Faxe"]
[Date "2000.04.19"]
[Round "5"]
[White "Karstensen, Preben"]
[Black "Refsgaard, Kaj"]
[Result "0-1"]
[WhiteElo "1707"]
[BlackElo "1663"]
[PlyCount "126"]
[EventDate "2000.??.??"]

1. d4 Nf6 2. c4 g6 3. Nc3 d6 4. Bg5 Bg7 5. Bxf6 Bxf6 6. e3 O-O 7. Nf3 Nd7 8.
Be2 e5 9. dxe5 Nxe5 10. Qc2 Be6 11. Nxe5 Bxe5 12. O-O c6 13. Rad1 Qe7 14. b3
Bf5 15. Bd3 Bd7 16. e4 Qg5 17. Ne2 Bh3 18. Ng3 Be6 19. Qd2 Bf4 20. Qb2 h5 21.
Ne2 Be5 22. Qd2 Qh4 23. f4 Bg7 24. f5 Bd7 25. g3 Qe7 26. Bc2 Be5 27. Qh6 Qf6
28. fxg6 Qxg6 29. Qxg6+ fxg6 30. Nf4 Kg7 31. Kg2 Kh6 32. c5 Bg4 33. Rd2 dxc5
34. h3 Bxf4 35. gxf4 Be6 36. Rd6 Rae8 37. e5 Bd5+ 38. Kg1 Rg8 39. Kh2 Re6 40.
Rd7 Rg7 41. Rd8 Rf7 42. Rg8 Kh7 43. Ra8 Rxe5 44. Bxg6+ Kxg6 45. Rg1+ Kh7 46.
fxe5 h4 47. Rg4 Rf2+ 48. Kg1 Rxa2 49. Rxh4+ Kg6 50. Ra4 Rb2 51. Rg4+ Kf5 52.
Rxa7 Rxb3 53. Kh2 Kxe5 54. Ra1 Rb2+ 55. Kg1 c4 56. Re1+ Kd6 57. Rc1 b5 58. Kf1
Rh2 59. Rc3 b4 60. Rcxc4 Bxc4+ 61. Rxc4 c5 62. h4 b3 63. Kg1 b2 0-1

[Event "Faxe EMT 2000"]
[Site "Faxe"]
[Date "2000.04.26"]
[Round "6"]
[White "Eriksen, Knud Ejler"]
[Black "Karstensen, Preben"]
[Result "0-1"]
[WhiteElo "1200"]
[BlackElo "1707"]
[PlyCount "122"]
[EventDate "2000.??.??"]

1. d4 d5 2. c4 e6 3. Nc3 Nf6 4. Nf3 Be7 5. Bf4 c6 6. e3 dxc4 7. Bxc4 Nd5 8.
Nxd5 exd5 9. Bd3 Bg4 10. O-O Bf6 11. Rc1 Nd7 12. a3 Nb6 13. b3 O-O 14. h3 Be6
15. Nh2 Qd7 16. Qh5 g6 17. Qf3 Bg7 18. Ng4 Bxg4 19. hxg4 f6 20. Qh3 Rae8 21. f3
Bh8 22. Kf2 g5 23. Bf5 Qe7 24. Rh1 Rf7 25. Bg6 gxf4 26. Bxf7+ Qxf7 27. exf4 f5
28. g5 Bxd4+ 29. Kg3 Be3 30. Rce1 d4 31. Qh6 Re6 32. Qh4 Nd5 33. Kh2 Bxf4+ 34.
g3 Be3 35. Kg2 Rg6 36. f4 Qe7 37. Kf1 Rg7 38. b4 Qe4 39. Qh5 Qe6 40. Qf3 Nc3
41. Rh6 Qc4+ 42. Kg2 Qa2+ 43. Kh3 Ne4 44. Qh5 Qf7 45. g6 Nf2+ 46. Kg2 Qd5+ 47.
Kf1 hxg6 48. Rh8+ Kf7 49. Qg5 Qf3 50. Rf8+ Kxf8 51. Qf6+ Rf7 52. Qh8+ Ke7 53.
Qe5+ Kd7 54. Rxe3 dxe3 55. Qd4+ Kc7 56. Qe5+ Kd7 57. Qd4+ Ke8 58. Qe5+ Re7 59.
Qb8+ Kf7 60. Qd6 Ne4+ 61. Ke1 Nxd6 0-1

[Event "Faxe EMT 2000"]
[Site "Faxe"]
[Date "2000.04.26"]
[Round "6"]
[White "Hansen, Knud"]
[Black "Andreasen, Per Anthoni"]
[Result "1/2-1/2"]
[WhiteElo "1763"]
[BlackElo "1533"]
[PlyCount "86"]
[EventDate "2000.??.??"]

1. e4 e6 2. d4 d5 3. e5 c5 4. c3 Nc6 5. Nf3 Qb6 6. Bd3 Bd7 7. Bc2 cxd4 8. cxd4
Bb4+ 9. Nc3 Nge7 10. O-O Ng6 11. Ne2 Rc8 12. a3 Be7 13. Rb1 Na5 14. b3 Bb5 15.
Bd3 Bxd3 16. Qxd3 O-O 17. g3 Rc7 18. h4 Rfc8 19. Kg2 Nc6 20. Rh1 Nd8 21. h5 Nf8
22. Bb2 h6 23. Rhc1 Nh7 24. Rxc7 Rxc7 25. Rc1 Rxc1 26. Bxc1 Nc6 27. b4 Qd8 28.
Nc3 Bg5 29. Nxg5 Nxg5 30. Be3 Nh7 31. Nb5 f6 32. f4 fxe5 33. dxe5 d4 34. Nxd4
Qd5+ 35. Kh2 Nxd4 36. Bxd4 Nf8 37. Qe3 a6 38. g4 Nd7 39. Kg3 Nb8 40. Bc5 Nc6
41. Qf3 Qd2 42. Qe3 Qd5 43. Kf2 Qa2+ 1/2-1/2

[Event "Faxe EMT 2000"]
[Site "Faxe"]
[Date "2000.04.26"]
[Round "6"]
[White "Christiansen, Niels"]
[Black "Eckert, Svend"]
[Result "0-1"]
[WhiteElo "1265"]
[BlackElo "1650"]
[PlyCount "80"]
[EventDate "2000.??.??"]

1. d4 Nf6 2. Nf3 d6 3. c4 b6 4. Nc3 Bb7 5. d5 e6 6. e4 e5 7. Be2 Be7 8. O-O O-O
9. Nh4 Nxe4 10. Nxe4 Bxh4 11. Bd3 f5 12. Nc3 Nd7 13. f3 Nc5 14. Bc2 a5 15. Bd2
f4 16. Qb1 h6 17. Ne2 Bc8 18. g3 fxg3 19. hxg3 Bg5 20. f4 Bf6 21. Kg2 Qe7 22.
Bh7+ Kh8 23. Rh1 e4 24. Bg6 Bg4 25. Bh5 Bxh5 26. Rxh5 Rae8 27. Be3 Nd3 28. Qh1
Rf7 29. Qh3 Bxb2 30. Rh1 Qd7 31. f5 Ree7 32. g4 Be5 33. Bd4 Bxd4 34. Nxd4 Nf4+
35. Kf2 Nxh3+ 36. R1xh3 Qa4 37. g5 Qxa2+ 38. Ke3 Qxc4 39. Ne6 Rxf5 40. g6 Qd3#
0-1

[Event "Faxe EMT 2000"]
[Site "Faxe"]
[Date "2000.04.26"]
[Round "6"]
[White "Nielsen, Poul Erik2"]
[Black "Hansen, Ove Bonnelykke"]
[Result "0-1"]
[WhiteElo "1338"]
[BlackElo "1586"]
[PlyCount "72"]
[EventDate "2000.??.??"]

1. c4 Nf6 2. d4 e6 3. Nc3 b6 4. a3 Bb7 5. Qc2 g6 6. Bg5 Bg7 7. e4 h6 8. Bh4 g5
9. Bg3 d6 10. e5 dxe5 11. Bxe5 Nbd7 12. O-O-O O-O 13. f3 Qe7 14. Bg3 Rfc8 15.
Bd3 c5 16. Nb5 Ne8 17. dxc5 Nxc5 18. Bd6 Nxd6 19. Nxd6 Rd8 20. Nxb7 Qxb7 21.
Bh7+ Kh8 22. Rxd8+ Rxd8 23. Ne2 Qd7 24. Nc3 Bxc3 25. bxc3 Qa4 26. Be4 Qxa3+ 27.
Kb1 Nb3 28. Qa2 Nd2+ 29. Ka1 Qxc3+ 30. Qb2 Qxb2+ 31. Kxb2 Nxc4+ 32. Kc3 Ne3 33.
Ra1 a5 34. Rb1 Rd6 35. Rb5 f5 36. Bc2 Rc6+ 0-1

[Event "Faxe EMT 2000"]
[Site "Faxe"]
[Date "2000.04.26"]
[Round "6"]
[White "Refsgaard, Kaj"]
[Black "Pedersen, Bjarne G W"]
[Result "1-0"]
[WhiteElo "1663"]
[BlackElo "1068"]
[PlyCount "57"]
[EventDate "2000.??.??"]

1. d4 Nf6 2. Bg5 d5 3. c4 Nbd7 4. e3 e6 5. Nf3 Be7 6. Nc3 O-O 7. cxd5 exd5 8.
Bd3 Re8 9. O-O Ne4 10. Bxe7 Rxe7 11. Nxd5 Re6 12. Bxe4 Rxe4 13. Qc2 Re6 14.
Qxc7 Qe8 15. Rac1 b6 16. Qf4 Re4 17. Qg3 Rb8 18. Nf6+ Nxf6 19. Qxb8 Bd7 20.
Qxe8+ Rxe8 21. Rc7 a6 22. Rfc1 h6 23. h3 Re6 24. Ne5 Be8 25. Ra7 a5 26. Rc8 Kh7
27. Nxf7 Ne4 28. Ne5 Nd6 29. Rcc7 1-0

[Event "Faxe EMT 2000"]
[Site "Faxe"]
[Date "2000.04.26"]
[Round "6"]
[White "Borg, John"]
[Black "Toftvang, Ove"]
[Result "1-0"]
[WhiteElo "1408"]
[BlackElo "1301"]
[PlyCount "43"]
[EventDate "2000.??.??"]

1. d4 d5 2. c4 dxc4 3. Nc3 c6 4. a4 b6 5. e3 Ba6 6. Nf3 e6 7. Ne5 Bb4 8. Qf3
Bxc3+ 9. bxc3 Qc7 10. Bxc4 Bxc4 11. Nxc4 Nf6 12. Ba3 Nbd7 13. Nd6+ Kf8 14. Nb5+
c5 15. Nxc7 Rc8 16. Nb5 a6 17. Nd6 Rb8 18. Rb1 g6 19. dxc5 Ne5 20. Qxf6 Nd3+
21. Kd2 Ne5 22. Qxh8+ 1-0

[Event "Faxe EMT 2000"]
[Site "Faxe"]
[Date "2000.04.26"]
[Round "6"]
[White "Manly, Arne"]
[Black "Strandsbjerg, Jens"]
[Result "0-1"]
[WhiteElo "1500"]
[BlackElo "1500"]
[PlyCount "74"]
[EventDate "2000.??.??"]

1. f4 d5 2. Nf3 g6 3. e3 Bg7 4. Nc3 Bg4 5. Be2 e6 6. O-O Nf6 7. Ne5 Bxe2 8.
Qxe2 c6 9. d3 Nbd7 10. Bd2 O-O 11. b4 Ne8 12. Nxd7 Qxd7 13. d4 Nd6 14. Be1 Nc4
15. Bg3 a5 16. bxa5 Rxa5 17. a4 Rfa8 18. Bf2 b5 19. Rfb1 bxa4 20. Nd1 Rb5 21.
Rxb5 cxb5 22. Be1 Bf8 23. Nf2 b4 24. Nd3 Qb7 25. Ne5 Nb2 26. Nd3 Nc4 27. Ne5
Qb5 28. e4 b3 29. cxb3 Qxb3 30. Nd7 Bg7 31. e5 a3 32. Nc5 Qb6 33. h4 Bf8 34.
Bf2 a2 35. Qd1 Qb2 36. g4 Na3 37. Nd3 Qb1 0-1

[Event "Faxe EMT 2000"]
[Site "Faxe"]
[Date "2000.04.26"]
[Round "6"]
[White "Wehlast, Svend Erik"]
[Black "Jensen, Niels"]
[Result "1-0"]
[WhiteElo "1402"]
[BlackElo "1257"]
[PlyCount "137"]
[EventDate "2000.??.??"]

1. d4 d5 2. Nf3 Bf5 3. a3 Nc6 4. Bf4 e6 5. e3 Nf6 6. h3 Bd6 7. Be5 Bxe5 8. dxe5
Nd7 9. Nd4 Nxd4 10. exd4 O-O 11. Bd3 Qg5 12. Bxf5 Qxg2 13. Bxh7+ Kxh7 14. Qd3+
Kg8 15. Rf1 Qe4+ 16. Qxe4 dxe4 17. Nd2 c5 18. c3 cxd4 19. cxd4 Nb6 20. Nxe4 Nc4
21. O-O-O Rac8 22. Kb1 Rfd8 23. Rd3 b6 24. Rg1 Kh8 25. Ng5 Rc7 26. Rg4 Kg8 27.
Rgg3 b5 28. Ne4 Kh8 29. h4 Nb6 30. h5 Nd5 31. Rgf3 Rf8 32. Nc5 Kg8 33. Ne4 Ne7
34. h6 g6 35. Nf6+ Kh8 36. h7 Rd8 37. Rh3 Nf5 38. d5 exd5 39. Rxd5 Rxd5 40.
Nxd5 Rc4 41. Nf6 Rd4 42. Rc3 Rc4 43. Rxc4 bxc4 44. Kc2 Nd4+ 45. Kc3 Nf3 46.
Kxc4 Nxe5+ 47. Kd4 Nc6+ 48. Kc5 Nd8 49. b4 g5 50. Kd6 g4 51. b5 Ne6 52. a4 Ng5
53. Kc7 Nxh7 54. Nxh7 Kxh7 55. Kb7 f5 56. Kxa7 f4 57. b6 g3 58. fxg3 fxg3 59.
b7 g2 60. b8=Q g1=Q+ 61. Qb6 Qe1 62. a5 Kg7 63. a6 Kf7 64. Kb8 Qe8+ 65. Kb7
Qe4+ 66. Qc6 Qb4+ 67. Kc7 Qa5+ 68. Kb8 Qa3 69. a7 1-0

[Event "Faxe EMT 2000"]
[Site "Faxe"]
[Date "2000.05.03"]
[Round "7"]
[White "Eckert, Svend"]
[Black "Hansen, Knud"]
[Result "1/2-1/2"]
[WhiteElo "1650"]
[BlackElo "1763"]
[PlyCount "114"]
[EventDate "2000.??.??"]

1. e4 e5 2. f4 d6 3. Nf3 Bg4 4. Bc4 Nd7 5. O-O h6 6. d4 Qe7 7. Nc3 Ngf6 8. a4
a6 9. b3 g6 10. fxe5 dxe5 11. Ba3 Qd8 12. Bxf8 Rxf8 13. dxe5 Nh7 14. Qd4 c6 15.
a5 Qe7 16. e6 Bxe6 17. Na4 Bg4 18. h3 Bxf3 19. Rxf3 Rd8 20. Rd3 Ne5 21. Qxd8+
Qxd8 22. Rxd8+ Kxd8 23. Rd1+ Kc7 24. Bd3 Nf6 25. Rf1 Nfd7 26. Be2 h5 27. g4
hxg4 28. Bxg4 Nxg4 29. hxg4 Ne5 30. Nc5 Rd8 31. Nd3 Nxd3 32. Rxf7+ Kb8 33. cxd3
Rxd3 34. Rf8+ Ka7 35. Kf2 Rxb3 36. Rf6 Rb5 37. Rxg6 Rxa5 38. Rf6 Kb8 39. Kf3
Kc8 40. Kf4 Kd8 41. g5 Ke7 42. e5 Ra2 43. g6 a5 44. Kf5 Rd2 45. Rf7+ Ke8 46.
Ke6 Re2 47. Rxb7 Kf8 48. Rf7+ Kg8 49. Kd6 a4 50. e6 a3 51. Ra7 a2 52. e7 Rd2+
53. Kc7 Re2 54. Kd8 Rd2+ 55. Ke8 Kg7 56. Ra6 Kxg6 57. Rxc6+ Kg7 1/2-1/2

[Event "Faxe EMT 2000"]
[Site "Faxe"]
[Date "2000.05.03"]
[Round "7"]
[White "Hansen, Ove Bonnelykke"]
[Black "Strandsbjerg, Jens"]
[Result "1-0"]
[WhiteElo "1586"]
[BlackElo "1500"]
[PlyCount "81"]
[EventDate "2000.??.??"]

1. d4 d5 2. Nf3 Nf6 3. e3 e6 4. Be2 c5 5. c3 Nc6 6. O-O c4 7. Nbd2 b5 8. Qc2
Bb7 9. e4 dxe4 10. Nxe4 Ne7 11. Nc5 Bd5 12. Bf4 Ng6 13. Qd2 Rc8 14. b4 Bxc5 15.
dxc5 Ne4 16. Qe3 Nxf4 17. Qxf4 Nxc3 18. Rfe1 Ne4 19. Red1 O-O 20. Rd4 Qf6 21.
Qxf6 gxf6 22. Re1 f5 23. a3 f6 24. Nh4 Rcd8 25. f3 Ng5 26. Red1 Nf7 27. Nxf5
exf5 28. Rxd5 Rxd5 29. Rxd5 c3 30. Bd3 f4 31. Kf2 Re8 32. Bc2 Ne5 33. Rd6 Nc4
34. Rd7 Nxa3 35. Bb3+ Kh8 36. c6 c2 37. Bxc2 Nxc2 38. c7 Nxb4 39. Rd8 Rxd8 40.
cxd8=Q+ Kg7 41. Qe7+ 1-0

[Event "Faxe EMT 2000"]
[Site "Faxe"]
[Date "2000.05.03"]
[Round "7"]
[White "Wehlast, Svend Erik"]
[Black "Andreasen, Per Anthoni"]
[Result "1/2-1/2"]
[WhiteElo "1402"]
[BlackElo "1533"]
[PlyCount "41"]
[EventDate "2000.??.??"]

1. e4 e6 2. Nf3 d5 3. exd5 exd5 4. d4 Bg4 5. h3 Bh5 6. Be3 Nf6 7. a3 c6 8. Bd3
Qa5+ 9. Nbd2 Ne4 10. c3 Nxd2 11. Bxd2 Bd6 12. c4 Qa6 13. Qe2+ Be7 14. c5 b5 15.
g4 Bg6 16. Bxg6 hxg6 17. b4 Qc8 18. O-O-O Kd8 19. Ne5 Qe6 20. Rde1 Re8 21. f4
1/2-1/2

[Event "Faxe EMT 2000"]
[Site "Faxe"]
[Date "2000.05.03"]
[Round "7"]
[White "Refsgaard, Kaj"]
[Black "Manly, Arne"]
[Result "1-0"]
[WhiteElo "1663"]
[BlackElo "1500"]
[PlyCount "75"]
[EventDate "2000.??.??"]

1. d4 d5 2. c4 e6 3. Nf3 c5 4. e3 Nc6 5. Nc3 a6 6. cxd5 exd5 7. Be2 Nf6 8. O-O
c4 9. b3 b5 10. bxc4 bxc4 11. Bb2 Rb8 12. Rb1 Bf5 13. Qa4 Qc7 14. e4 Bxe4 15.
Nxe4 Nxe4 16. Rfe1 Bd6 17. Bxc4 Rb4 18. Qxa6 O-O 19. Bb3 Rfb8 20. Qd3 Nf6 21.
Ba3 R4b7 22. Bxd6 Qxd6 23. Ne5 Nd7 24. Nxc6 Qxc6 25. Rbc1 Qd6 26. Re2 Nf6 27.
Rce1 h6 28. Re5 Rc7 29. Bxd5 Rbc8 30. Bb3 Rc1 31. g3 Qb4 32. Rxc1 Rxc1+ 33. Kg2
Rc3 34. Qf5 Qb7+ 35. Bd5 Qb6 36. Re8+ Nxe8 37. Qxf7+ Kh7 38. Be4+ 1-0